00299nam a2200109Ia 4500008004100000020001800041100001500059245005900074250001200133260002700145300001700172180315s9999 xx 000 0 und d a9780071282765 aWise, Eric cEric WiseaAnatomy & physiology :blaboratory manual / a8th ed. aNY :b2009cMcGrawHill ax, 550 pages